Statistiche per Stati che iniziano con la C

Clicka qui per fare il quiz!

Statistiche generali

  • Questo quiz è stato fatto 60 volte
  • Il punteggio medio è 11 su 16

Statistiche sulle risposte

Superficie (km²)Popolazione (ab.)Stato% Corretto
51 956 6651 141 748Colombia
93%
38 394 3549 984 670Canada
84%
1 454 670 9349 596 961Cina
82%
15 288 489181 035Cambogia
80%
20 158 310756 102Cile
80%
24 348 251475 442Camerun
78%
16 244 5131 284 000Ciad
69%
25 550 000120 540Corea del Nord
69%
51 354 626100 210Corea del Sud
69%
5 111 23851 100Costa Rica
69%
5 111 23856 594Croazia
64%
1 141 1669 251Cipro
62%
11 193 470109 884Cuba
62%
758 3161 862Comore
56%
26 453 542322 463Costa d'Avorio
56%
556 8574 033Capo Verde
53%

Distribuzione punteggi

Percentile per numero di risposta

Percentuale di utenti per punteggio

I tuoi punteggi nel tempo

Non hai fatto questo quiz